| 000 | 00664nam a2200169Ia 4500 | ||
|---|---|---|---|
| 008 | 220216s9999 xx 000 0 und d | ||
| 100 | _aMeti S. | ||
| 245 | 0 | _aEffect of split application of fertilizer on growth of Hevea in Dooars area of West Bengal | |
| 260 |
_bIn: Recent Advances in Plantation Crops Research: Placrosym XIII, 16-18 December 1998, Coimbatore, Tamil Nadu, India. (Eds. N. Muraleedharan and R. Raj Kumar). Allied Publishers Limited, New Delhi, pp. 209-212. _c2000 |
||
| 650 | _aFertilizer | ||
| 650 | _aSplit application | ||
| 650 | _aWest Bengal | ||
| 700 | _aChaudhuri D. | ||
| 700 | _aPal T.K. | ||
| 700 | _aVarghese Y.A. | ||
| 942 | _cBS | ||
| 999 |
_c52682 _d52682 |
||